<?xml version="1.0" encoding="UTF-8"?>
<record
    xmlns:xsi="http://www.w3.org/2001/XMLSchema-instance"
    xsi:schemaLocation="http://www.loc.gov/MARC21/slim http://www.loc.gov/standards/marcxml/schema/MARC21slim.xsd"
    xmlns="http://www.loc.gov/MARC21/slim">

  <leader>03640nam a2200565Ia 4500</leader>
  <controlfield tag="001">552</controlfield>
  <controlfield tag="008">241029s9999    xx            000 0 und d</controlfield>
  <datafield tag="010" ind1=" " ind2=" ">
    <subfield code="a">502</subfield>
  </datafield>
  <datafield tag="041" ind1=" " ind2=" ">
    <subfield code="a">Espa&#xF1;ol</subfield>
  </datafield>
  <datafield tag="082" ind1=" " ind2=" ">
    <subfield code="a">INTEC/CyH-0154</subfield>
  </datafield>
  <datafield tag="245" ind1=" " ind2="0">
    <subfield code="a">Integraci&#xF3;n de las tecnolog&#xED;as de la informaci&#xF3;n y la comunicaci&#xF3;n, como herramienta pedag&#xF3;gica, en el proceso educativo, en el Distrito 02, Regional 17 y cinco centros de media de este Distrito Educativo, a&#xF1;o 2011-2012</subfield>
  </datafield>
  <datafield tag="260" ind1=" " ind2=" ">
    <subfield code="a">Distrito Nacional</subfield>
  </datafield>
  <datafield tag="300" ind1=" " ind2=" ">
    <subfield code="a">62</subfield>
  </datafield>
  <datafield tag="520" ind1=" " ind2=" ">
    <subfield code="a">12</subfield>
  </datafield>
  <datafield tag="630" ind1=" " ind2=" ">
    <subfield code="a">Aprendizaje Significativo</subfield>
  </datafield>
  <datafield tag="630" ind1=" " ind2=" ">
    <subfield code="a">Aptitudes</subfield>
  </datafield>
  <datafield tag="630" ind1=" " ind2=" ">
    <subfield code="a">Calidad Educativa</subfield>
  </datafield>
  <datafield tag="630" ind1=" " ind2=" ">
    <subfield code="a">Recursos Tecnol&#xF3;gicos</subfield>
  </datafield>
  <datafield tag="630" ind1=" " ind2=" ">
    <subfield code="a">Tecnolog&#xED;a Educativa</subfield>
  </datafield>
  <datafield tag="650" ind1=" " ind2=" ">
    <subfield code="a">Tecnolog&#xED;a de la Informaci&#xF3;n y de la Comunicaci&#xF3;n (TICs)</subfield>
  </datafield>
  <datafield tag="690" ind1=" " ind2=" ">
    <subfield code="a">Elaborado</subfield>
  </datafield>
  <datafield tag="700" ind1=" " ind2=" ">
    <subfield code="e">asesor</subfield>
    <subfield code="a">Hern&#xE1;ndez Valerio, Wilfrido</subfield>
  </datafield>
  <datafield tag="700" ind1=" " ind2=" ">
    <subfield code="e">autor</subfield>
    <subfield code="a">Fr&#xED;as de Jes&#xFA;s, Jos&#xE9; Mercedes</subfield>
  </datafield>
  <datafield tag="901" ind1=" " ind2=" ">
    <subfield code="a">{"1":"Fr&#xED;as de Jes&#xFA;s"}</subfield>
    <subfield code="b">{"1":"Jos&#xE9; Mercedes"}</subfield>
  </datafield>
  <datafield tag="902" ind1=" " ind2=" ">
    <subfield code="a">1</subfield>
  </datafield>
  <datafield tag="903" ind1=" " ind2=" ">
    <subfield code="a">{"1":"Hern&#xE1;ndez Valerio"}</subfield>
    <subfield code="b">{"1":"Wilfrido"}</subfield>
  </datafield>
  <datafield tag="904" ind1=" " ind2=" ">
    <subfield code="a">Maestr&#xED;a en</subfield>
  </datafield>
  <datafield tag="905" ind1=" " ind2=" ">
    <subfield code="a">Educaci&#xF3;n</subfield>
  </datafield>
  <datafield tag="906" ind1=" " ind2=" ">
    <subfield code="a">2</subfield>
  </datafield>
  <datafield tag="907" ind1=" " ind2=" ">
    <subfield code="a">NO APLICA</subfield>
  </datafield>
  <datafield tag="908" ind1=" " ind2=" ">
    <subfield code="a">NO APLICA</subfield>
  </datafield>
  <datafield tag="909" ind1=" " ind2=" ">
    <subfield code="a">Instituto Tecnol&#xF3;gico de Santo Domingo (INTEC)</subfield>
  </datafield>
  <datafield tag="910" ind1=" " ind2=" ">
    <subfield code="a">NULL</subfield>
    <subfield code="b">NULL</subfield>
  </datafield>
  <datafield tag="911" ind1=" " ind2=" ">
    <subfield code="a">["1"]</subfield>
  </datafield>
  <datafield tag="912" ind1=" " ind2=" ">
    <subfield code="a">NO APLICA</subfield>
  </datafield>
  <datafield tag="913" ind1=" " ind2=" ">
    <subfield code="a">NULL</subfield>
  </datafield>
  <datafield tag="914" ind1=" " ind2=" ">
    <subfield code="a">01 de Septiembre de 2012</subfield>
  </datafield>
  <datafield tag="915" ind1=" " ind2=" ">
    <subfield code="a">20/07/15 05:07</subfield>
  </datafield>
  <datafield tag="916" ind1=" " ind2=" ">
    <subfield code="a">NULL</subfield>
  </datafield>
  <datafield tag="917" ind1=" " ind2=" ">
    <subfield code="a">NULL</subfield>
  </datafield>
  <datafield tag="918" ind1=" " ind2=" ">
    <subfield code="a">NO APLICA</subfield>
  </datafield>
  <datafield tag="919" ind1=" " ind2=" ">
    <subfield code="a">["20","22","29","218","191"]</subfield>
  </datafield>
  <datafield tag="520" ind1=" " ind2=" ">
    <subfield code="a">El objetivo principal de esta investigaci&#xF3;n, consisti&#xF3; en conocer y valorar la integraci&#xF3;n de las TICS, en el proceso ense&#xF1;anza- aprendizaje, a partir de la idea de "aprendizaje con tecnolog&#xED;a", as&#xED; como sugerir programas de capacitaci&#xF3;n que motiven a los docentes y personal t&#xE9;cnico, a integrar la tecnolog&#xED;a como herramienta pedag&#xF3;gica. La metodolog&#xED;a utilizada fue de car&#xE1;cter cuantitativo-cualitativo y de tipo descriptivo, transversal y prospectivo.&#xA0;&#xA0;Como t&#xE9;cnicas emplearon la encuesta. &#xA0;Los Centros objeto de investigaci&#xF3;n fueron: El Distrito Educativo 17-02; el Liceo Dr. Julio A. Cuello, Liceo Don Juan, Liceo TV-Centro El Bosque y el Liceo Padre A. Nicol.Entre las principales conclusiones, se destaca que el aspecto m&#xE1;s relevante, es el uso de los recursos tecnol&#xF3;gicos en las actividades regulares del Distrito, donde el 80% dijo estar totalmente de acuerdo con este aspecto sobre el uso y aplicaci&#xF3;n de las TICS. &#xA0;El 80% dijo, que los recursos tecnol&#xF3;gicos est&#xE1;n disponibles para todo el personal. Esto demuestra que la mayor&#xED;a de los encuestados, est&#xE1;n de acuerdo con que en el Distrito 17-02 y los Centros Educativos de Media, se implementen las TICS en las actividades pedag&#xF3;gicas. &#xA0;Que el personal t&#xE9;cnico, administrativo y docente, integre las tecnolog&#xED;as, en beneficio de los aprendizajes de los y las estudiantes.De acuerdo a los resultados encontrados, el estudio recomienda a la direcci&#xF3;n del Distrito Educativo 17-02 de Monte Plata, asumir con mayor apego el seguimiento al &#xE1;rea tecnol&#xF3;gica. &#xA0;Al personal t&#xE9;cnico, incluir el &#xE1;rea de la tecnolog&#xED;a, en sus planes de acompa&#xF1;amiento y seguimiento. &#xA0;Se sugiere tambi&#xE9;n, dotar de laboratorios de inform&#xE1;tica, a todos los Centros de la Educaci&#xF3;n Media y que estos est&#xE9;n provistos de Internet, para que puedan disfrutar de un servicio m&#xE1;s completo. &#xA0;Nombrar en cada Centro un docente, con las cualidades necesarias para la ense&#xF1;anza de la tecnolog&#xED;a con car&#xE1;cter educativo.</subfield>
  </datafield>
  <datafield tag="921" ind1=" " ind2=" ">
    <subfield code="a">16</subfield>
  </datafield>
  <datafield tag="922" ind1=" " ind2=" ">
    <subfield code="a">16</subfield>
  </datafield>
  <datafield tag="923" ind1=" " ind2=" ">
    <subfield code="a">0</subfield>
  </datafield>
  <datafield tag="924" ind1=" " ind2=" ">
    <subfield code="a">NO APLICA</subfield>
  </datafield>
  <datafield tag="942" ind1=" " ind2=" ">
    <subfield code="c">Tesis</subfield>
  </datafield>
  <datafield tag="999" ind1=" " ind2=" ">
    <subfield code="c">502</subfield>
    <subfield code="d">502</subfield>
  </datafield>
</record>
